Random Country Capitals #2 - Statistics

General Stats
  • This quiz has been taken 73 times
  • The average score is 12 of 15
Answer Stats
Country Capital % Correct
India New Delhi
100%
Greece Athens
94%
Colombia Bogota
94%
Jamaica Kingston
93%
Libya Tripoli
90%
Andorra Andorra La Vella
87%
Bosnia and Herzegovina Sarajevo
87%
Laos Vientiane
83%
Bhutan Thimphu
80%
Nicaragua Managua
75%
Kyrgyzstan Bishkek
70%
Brunei Bandar Seri Begawan
68%
Tanzania Dodoma
65%
Cape Verde Praia
61%
F.S. Micronesia Palikir
54%
No matching quizzes found
Score Distribution
Percent of People with Each Score
Percentile by Number Answered
Your Score History
You have not taken this quiz